BIBLIOTECA Y CENTRO DE DOCUMENTACIÓN

De Hegel a Nietzsche : (Registro nro. 16925)

Detalles MARC
000 -CABECERA
fixed length control field 01151nam a2200289Ia 4500
005 - FECHA Y HORA DE LA ULTIMA TRANSACCIÓN
control field 20260522063941.0
008 - ELEMENTOS DE LONGITUD FIJA
fixed length control field 150416s1968 ag 000 0 spa d
040 ## - FUENTE DE CATALOGACIÓN
Agencia de catalogación original AR-MoUNM
Agencia que realiza la transcripción AR-MoUNM
082 0# - NÚMERO DE CLASIFICACIÓN DECIMAL DEWEY (C.D.D.)
Número de la Clasificación Decimal de Dewey (C.D.D.) 190
Número de la edición 20
Número del ítem LOWI 918
100 1# - ENTRADA PRINCIPAL - NOMBRE DE PERSONA
9 (RLIN) 21504
Nombre personal Löwith, Karl,
Fechas asociadas con un nombre 1897-1973.
245 13 - MENCIÓN DEL TÍTULO
Título De Hegel a Nietzsche :
Resto del título la quiebra revolucionaria del pensamiento en el siglo XIX: Marx y Kierkegaard /
Mención de responsabiblidad Karl Löwith ; traducción, Emilio Estiú.
260 ## - PUBLICACIÓN, DISTRIBICIÓN, ETC.
Lugar de publicación, distribución, etc. Buenos Aires :
Nombre del editor, distribuidor, etc. Sudamericana,
Fecha de publicación, distribución, etc. 1968.
300 ## - DESCRIPCIÓN FÍSICA
Extensión 612 p. ;
Dimensiones [El subcampo es A para Materiales Mixtos] 20 cm.
490 0# - MENCIÓN DE SERIE
Mención de Serie (Biblioteca de filosofía)
500 ## - NOTA GENERAL
Nota general Título original: Von Hegel zu Nietzsche.
600 1# - ENTRADA SECUNDARIA DE MATERIA - NOMBRE DE PERSONA
Fuente de la entrada o término unescot
9 (RLIN) 13818
Nombre de persona Goethe, Johann Wolfgang von,
Fechas asociadas con un nombre 1749-1832.
600 1# - ENTRADA SECUNDARIA DE MATERIA - NOMBRE DE PERSONA
Fuente de la entrada o término unescot
9 (RLIN) 4970
Nombre de persona Hegel, Georg Wilhelm Friedrich,
Fechas asociadas con un nombre 1770-1831.
600 14 - ENTRADA SECUNDARIA DE MATERIA - NOMBRE DE PERSONA
Nombre de persona Marx, Karl,
Fechas asociadas con un nombre 1818-1883
9 (RLIN) 116
600 1# - ENTRADA SECUNDARIA DE MATERIA - NOMBRE DE PERSONA
Fuente de la entrada o término unescot
9 (RLIN) 8593
Nombre de persona Nietzsche, Friedrich Wilhelm,
Fechas asociadas con un nombre 1844-1900.
650 #7 - ENTRADA SECUNDARIA DE MATERIA - TÉRMINO TEMÁTICO
Término temático o nombre geográfico como elemento de entrada FILOSOFIA
Fuente de la entrada o término unescot
9 (RLIN) 443
650 #7 - ENTRADA SECUNDARIA DE MATERIA - TÉRMINO TEMÁTICO
Término temático o nombre geográfico como elemento de entrada ESCUELAS FILOSOFICAS
9 (RLIN) 2649
Fuente de la entrada o término unescot
650 #7 - ENTRADA SECUNDARIA DE MATERIA - TÉRMINO TEMÁTICO
Término temático o nombre geográfico como elemento de entrada FILOSOFO
9 (RLIN) 1993
Fuente de la entrada o término unescot
650 #7 - ENTRADA SECUNDARIA DE MATERIA - TÉRMINO TEMÁTICO
Término temático o nombre geográfico como elemento de entrada CULTURA
Fuente de la entrada o término unescot
9 (RLIN) 1719
650 #7 - ENTRADA SECUNDARIA DE MATERIA - TÉRMINO TEMÁTICO
Término temático o nombre geográfico como elemento de entrada RELIGION
9 (RLIN) 1614
Fuente de la entrada o término unescot
700 1# - ENTRADA SECUNDARIA - NOMBRE DE PERSONA
9 (RLIN) 20392
Nombre de la persona Estiú, Emilio.
Término relacionador tr.
942 ## - ADDED ENTRY ELEMENTS (KOHA)
Item type Libros
Existencias
Withdrawn status Lost status Damaged status Not for loan Home library Current library Date acquired Source of acquisition Inventory number Total Checkouts Full call number Barcode Date last seen Copy number Price effective from Koha item type
        Colección general Colección general 17/02/2022 Donación Carlos A. Rodriguez Sánchez 20363   190 LOWI 918 20363 17/02/2022 Ej. C 17/02/2022 En tránsito
Biblioteca UNM
Universidad Nacional de Moreno
Av. Bme. Mitre Nº 1891 (B1744OHC) Moreno
Provincia de Buenos Aires, República Argentina
(0237) 460-9300 (líneas rotativas)
(011) 2078-9170 (líneas rotativas)
biblioteca@unm.edu.ar
Universidad del Bicentenario Argentino